Loading...

Keats /

Bibliographic Details
Main Author: Mullik, B R .
Format: Printed Book
Language:English
Published: New Delhi : S Chand & Co..
Subjects:
LEADER 00673cam a2200229ua 4500
001 4404
005 20150705130634.0
007 ta
008 061219s g b000 u eng u
020 |c 3.00 
041 1 |a eng 
082 1 4 |a 821.7KEA09  |b MUL/K 
100 1 |a Mullik, B R . 
245 1 0 |a Keats /   |c B R Mullik.  |h Textual Documents 
260 |a New Delhi :   |b S Chand & Co.. 
300 |a NULL ;  
365 |a 3.00 
541 |e EN09244   |h 3.00 
650 0 |a English poetry 
650 0 |a Literary criticism 
999 |c 27597  |d 27597 
952 |0 0  |1 0  |4 0  |6 821_000000000000000_7KEA09_MUL_K  |7 1  |9 35273  |a KU  |b KU  |d 2015-07-05  |o 821.7KEA09 MUL/K  |p EN09244  |r 2015-07-05  |w 2015-07-05  |y BK  |z Binding